Albums studios de Céline Dion (en français) - Statistiques

Statistiques générales
  • Ce quiz a été pris 19 fois
  • Le résultat moyen est 5 sur 15
Statistiques - réponses
Année Album % Correct
1995 D'eux
100%
2007 D'elles
61%
1998 S'il suffisait d'aimer
61%
2016 Encore un soir
50%
1987 Incognito
50%
1991 Des mots qui sonnent
44%
2012 Sans attendre
39%
1981 La Voix du Bon Dieu
28%
2003 Une fille et quatre types
22%
1981 Céline Dion chante Noël
17%
1984 Mélanie
17%
1983 Les Chemins de ma maison
11%
1982 Tellement j'ai d'amour…
11%
1985 C'est pour toi
6%
1983 Chants et contes de Noël
6%
Aucun quiz correspondant
Distribution des résultats
% des personnes avec chaque résultat
Percentile par nombre de réponses
Votre historique - résultats
Vous n’avez pas pris ce quiz